One of the Longest Place Names - Statistics

General Stats
  • This quiz has been taken 5 times
  • The average score is 3 of 11
Answer Stats
Hint Answer % Correct
A lake in Webster, Massachusetts. Chargoggagoggmanchauggagoggchaubunagungamaugg
60%
A lake in Finland. Ateritsiputeritsipuolilautatsijanka
40%
The longest place name in Europe, considered also hard to pronounce. Llanfairpwllgwyngyllgogerychwyrndrobwllllantysiliogogogoch
40%
"Where the devil urinates". Mamungkukumpurangkuntjunya
40%
The most recognized long place name in Canada. Pekwachnamaykoskwaskwaypinwanik
40%
One of the longest place names but ranked as 2nd. Taumatawhakatangihangakoauauotamateaturipukakapikimaungahoronukupokaiwhenuakitanatahu
40%
A farm in South Africa. Tweebuffelsmeteenskootmorsdoodgeskietfontein
40%
The 1st longest place name, also the ceremonial and full name of Bangkok. Krungthepmahanakhonamonrattanakosinmahintharayutthayamahadilokphopnoppharatratchathaniburiromudomratchaniwetmahasathanamonphimanawatansathitsakkathattiyawitsanukamprasit
20%
Longest Japanese place name. Saganisoninmonzenzenkojiyamacho
20%
A long place name in Spain, considered the longest place name in Spain. Azpilicuetagaraycosaroyarenberecolarrea
0%
A railway station in India. Venkatanarasimharajuvaripeta
0%
No matching quizzes found
Score Distribution
Percent of People with Each Score
Percentile by Number Answered
Your Score History
You have not taken this quiz